000 00426nam a2200181Ia 4500
001 1115
005 20260306140608.0
008 260306t2007||||xx |||||||||||||| ||spa||
041 _aESP
082 _a182.7
_bR96
100 _aRusso Delgado, José Antonio
_eAUT
245 0 _aLa ética en demócrito
260 _c2007
300 _a131 páginas :
_c24 cm.
650 _aGEN
654 _aCHU
942 _cLIB
_dJUS
_fJUS
_2ddc
_n
999 _c1115
_d1115